Test Papers and Solutions (Record no. 182902)
[ view plain ]
| 000 -LEADER | |
|---|---|
| fixed length control field | 01358 a2200169 4500 |
| 003 - CONTROL NUMBER IDENTIFIER | |
| control field | Nust |
| 005 - DATE AND TIME OF LATEST TRANSACTION | |
| control field | 20221022142554.0 |
| 040 ## - CATALOGING SOURCE | |
| Transcribing agency | Nust |
| 082 ## - DEWEY DECIMAL CLASSIFICATION NUMBER | |
| Classification number | 620.3,WAL |
| 100 ## - MAIN ENTRY--PERSONAL NAME | |
| Personal name | Wall T.F. |
| 9 (RLIN) | 101169 |
| 245 ## - TITLE STATEMENT | |
| Title | Test Papers and Solutions |
| Remainder of title | on Electrical Engineering / |
| Statement of responsibility, etc. | T.F.Wall |
| 260 ## - PUBLICATION, DISTRIBUTION, ETC. | |
| Place of publication, distribution, etc. | London |
| Name of publisher, distributor, etc. | George Newnes |
| Date of publication, distribution, etc. | 1947 |
| 300 ## - PHYSICAL DESCRIPTION | |
| Other physical details | 312:p |
| 505 ## - FORMATTED CONTENTS NOTE | |
| Formatted contents note | Fundamental Units Technical Units (Page-1), Structure of the Atom Conductors and Insulators the Electronic Current Electric Resistance (Page-7), Coulomb’ Law Field of Electric Force Potential (Page-29), Capacitance Dielectric Constant Energy of the Electric Field (Page-39), Current Distributors and Networks (Page-63), Thermo Electricity Piezo Electricity (Page-78), Magnetism Magnetic Materials Magnetic Testing (Page-91), Electro Magnetism (Page-114), Alternating Currents The Use of Complex Quantities (Page-129), Oscillating Systems (Page-148), Single Phase and Three Phase Alternating Current Systems Alternating Current Power (Page-176), Some Graphical Methods (Page-190), Nin sinusoidal Wave Forms (Page-213), The Penetration of Alternating Magnetic Flux and Alternating Current (Page-229), Propagations of Electric Energy along Transmission Lines and Cables (Page-289) The Propagation of Electromagnetic Waves Through Space (Page-289). |
| 650 ## - SUBJECT ADDED ENTRY--TOPICAL TERM | |
| Topical term or geographic name entry element | Electrical Engineering |
| 942 ## - ADDED ENTRY ELEMENTS (KOHA) | |
| Source of classification or shelving scheme | |
| Koha item type | Book |
| Withdrawn status | Lost status | Source of classification or shelving scheme | Damaged status | Not for loan | Permanent Location | Current Location | Shelving location | Date acquired | Full call number | Barcode | Date last seen | Price effective from | Koha item type | Public note |
|---|---|---|---|---|---|---|---|---|---|---|---|---|---|---|
| Military College of Signals (MCS) | Military College of Signals (MCS) | General Stacks | 12/12/2016 | 620.3,WAL | MCS5316 | 12/08/2016 | 12/12/2016 | Book | Almirah No.27, Shelf No.6 |
